LEADER 01136nam a2200277 i 4500 001 000000037407 003 CaOOAMICUS 005 20041230000000.0 008 041230s1940 it u000 u ita u 013 $a7665 040 $aSeMil$bita 100 1 $aPaschini, Pio .$0(OLS)http://semarc/name/5184 245 10$aRoma nel Rinascimento /$cdi Pio Paschini. 260 $aBologna :$bCappelli,$ccopyr. 1940. 300 $a526 p., 26 c. di tav. ;$c25 cm. 490 0 $aStoria di Roma ;$vVolume12. 500 $aIn testa al front. : Istituto di studi romani. - Fondo Card. C.M. Martini. 650 4$aRinascimento - Roma.$0(OLS)http://semarc/subject/7413 650 4$aRoma - Storia - Sec. 15.-16.$0(OLS)http://semarc/subject/7414 830 0$aStoria di Roma ;$vVolume12.$0(OLS)http://semarc/title/209 850 $aSeMil 852 $aSeMil$W1$xVenegono$y1$m3S IV 212$j3562$B3562$CSeMilBibl$Z2$F3562 $81 941 1 $a4 961 $aOmaggio: Martini Card. Carlo Maria 996 $6245$aRoma nel Rinascimento$9(OLS)http://semarc/title/34175 996 $6260$aBologna :$bCappelli$9(OLS)http://semarc/publisher/29689 LEADER 01495nam a2200325 i 4500 001 000000179660 003 CaOOAMICUS 005 20090519000000.0 008 090519s2009 it u000 u ita u 013 $a157250 020 $a978-88-250-2211-7 040 $aSeMil$bita 100 1 $aBabelet, Blaise-Servais.$0(OLS)http://semarc/name/66588 245 10$aLiturgia e inculturazione /$cBlaise-Servais Babelet ... [et al.] ; a cura di Aldo Natale Terrin. 260 $aPadova :$bAbbazia di Santa Giustina,$c2009. 260 $aPadova :$bMessaggero,$c2009. 300 $a432 p. ;$c21 cm. 490 0 $aCaro Salutis Cardo. Contributi ;$v24 650 4$aChiesa e cultura.$0(OLS)http://semarc/subject/20154 650 4$aLiturgia - Inculturazione.$0(OLS)http://semarc/subject/16306 650 4$aCristianesimo e cultura - Sec. 21.$0(OLS)http://semarc/subject/21172 700 1 $aTerrin, Aldo Natale.$0(OLS)http://semarc/name/15564 830 0$aCaro Salutis Cardo. Contributi ;$v24.$0(OLS)http://semarc/title/453 850 $aSeMil 852 $aSeMil$W1$xVenegono$y1$m2NA R 24$j256165$B130421$CSeMilBibl$Z2$F141870 $81 961 $aSottoscrizione: Cittą Nuova (Agente) 996 $6020$a978-88-250-2211-7$9(OLS)http://semarc/number/168873 996 $6245$aLiturgia e inculturazione$9(OLS)http://semarc/title/257959 996 $6260$aPadova :$bMessaggero$9(OLS)http://semarc/publisher/29786 996 $6260$aPadova :$bAbbazia di Santa Giustina$9(OLS)http://semarc/publisher/29796